Вспомни всё: секреты суперпамяти: книга-тренажер

Opis bibliograficzny
1. autor: Мюллер С. Станислав
Streszczenie:Станислав Мюллер — практикующий психолог, доктор педагогических наук, руководитель центра «Город талантов», главный редактор журнала «УСПЕХ для всех». Перед вами — принципиально новая технология развития памяти. Эффективность этого метода настолько высока, что уже после 30 минут обучения начальным навыкам происходит улучшение вспоминаемости информации в полтора-два раза! Но главное отличие метода Станислава Мюллера от всех ныне существующих в том, что даже при заочном обучении можно улучшить свою память как минимум в два раза. Как и сама жизнь, методика постоянно развивается, дополняется новыми уникальными возможностями и эффективными техниками. Перед вами — новейшая версия метода развития суперпамяти. Она позволяет освоить самые действенные мнемотехники по ходу чтения книги, используя специальные подсказки и затрачивая минимум усилий! Используйте технологии новою тысячелетия, раскройте собственные скрытые возможное!
Język:rosyjski
Wydane: СПб., Питер, 2010
Seria:Сам себе психолог
Hasła przedmiotowe:
Format: Książka
KOHA link:https://koha.lib.tpu.ru/cgi-bin/koha/opac-detail.pl?biblionumber=190705

MARC

LEADER 00000nam0a2200000 4500
001 190705
005 20231101224312.0
010 |a 9785498078304 
035 |a (RuTPU)RU\TPU\book\207887 
090 |a 190705 
100 |a 20110127d2010 m y0rusy50 ca 
101 0 |a rus 
102 |a RU 
105 |a a z 001zy 
200 1 |a Вспомни всё: секреты суперпамяти  |e книга-тренажер  |f С. Мюллер 
210 |a СПб.  |c Питер  |d 2010 
215 |a 224 с.  |c ил. 
225 1 |a Сам себе психолог 
320 |a Библиогр.: с. 212. 
330 |a Станислав Мюллер — практикующий психолог, доктор педагогических наук, руководитель центра «Город талантов», главный редактор журнала «УСПЕХ для всех». Перед вами — принципиально новая технология развития памяти. Эффективность этого метода настолько высока, что уже после 30 минут обучения начальным навыкам происходит улучшение вспоминаемости информации в полтора-два раза! Но главное отличие метода Станислава Мюллера от всех ныне существующих в том, что даже при заочном обучении можно улучшить свою память как минимум в два раза. Как и сама жизнь, методика постоянно развивается, дополняется новыми уникальными возможностями и эффективными техниками. Перед вами — новейшая версия метода развития суперпамяти. Она позволяет освоить самые действенные мнемотехники по ходу чтения книги, используя специальные подсказки и затрачивая минимум усилий! Используйте технологии новою тысячелетия, раскройте собственные скрытые возможное! 
606 1 |a Память  |x Психология  |x Тренировка  |x Психофизические основы  |x Расстройства  |x Развитие  |2 stltpush  |3 (RuTPU)RU\TPU\subj\48049  |9 66928 
610 1 |a голографическая память 
610 1 |a воспоминания 
610 1 |a мнемотехника 
610 1 |a ассоциативная память 
610 1 |a тактильная память 
610 1 |a звуки 
610 1 |a запахи 
610 1 |a иностранные языки 
610 1 |a суперпамять 
610 1 |a тренинги 
686 |a Ю935.12  |v LBC/SL-A  |2 rubbk 
700 1 |a Мюллер  |b С.  |g Станислав 
801 1 |a RU  |b 63413507  |c 20110127 
801 2 |a RU  |b 63413507  |c 20120220  |g RCR 
942 |c BK 
959 |a 14/20110127  |d 1  |e 115,00  |f ЧЗСБИ:1